01076nam a2200241 a 4500001001000000003000900010005001700019008003400036020001800070040002600088082002900114245020000143260003600343300002700379500007400406504003000480650007000510650006700580650005300647700002500700700003400725710007500759000043750DO-SdBNP20221010101826.0140422s2014 dr a 000 0 spa d a9789993450153 aDO-SdBNPbspacBPMSU  a370.7293bB171p 201422210aBalance del Plan Decenal de Educación 2008-2018 :bavances, desafíos y perspectivas /ccompiladora ; Magda Pepén Peguero ; edición Dario Tejeda ; presentación Manuel Z. Mejía Gómez. aSanto Domingo :bFLACSO,c2014. a95 p. :bil. ;c25 cm. aIncluye referencias bibliográficas y notas al pie de las páginas  aBibliografía : p. 93-95 4aPlan Decenal de EducaciónzRepública Dominicana y2008-2018 . 4aPlanificación educativa zRepública Dominicana y2008-2018 4aEducación zRepública Dominicana y2008-20181 aTejeda, Daríoeed.1 aPepén Peguero, Magdaecomp.2 aFacultad Latinoamericana de Ciencias Sociales (República Dominicana)